Представление документа в формате MARC21

ПолеНазваниеЗначение
  Тип записи a
  Библиографический уровень m
001 Контрольный номер RU\infra-m\znanium\bibl\2125016
005 Дата корректировки 20260429142245.3
008 Кодируемые данные 231114s2023 RU g rus u
020 Индекс ISBN __
a ISBN 978-5-16-016565-3
020 Индекс ISBN __
a ISBN 978-5-16-109129-6 (электр. издание)
040 Источник каталогиз. __
a Служба первич. каталог. Общество с ограниченной ответственностью «ЗНАНИУМ»
041 Код языка издания __
a Код языка текста rus
044 Код страны публикации __
a Код страны публикации RU
080 Индекс УДК __
a Индекс УДК 631.3(075.8)
084 Индекс другой классификации/Индекс ББК __
2 Источник индекса rubbk
a Индекс другой классификации/Индекс ББК 30.83я73
084 Индекс другой классификации/Индекс ББК __
2 Источник индекса okso
a Индекс другой классификации/Индекс ББК 35.03.06
084 Индекс другой классификации/Индекс ББК __
2 Источник индекса okso
a Индекс другой классификации/Индекс ББК 35.04.06
100 Автор __
a Автор Стребков С.В.
q Полное имя Стребков Сергей Васильевич
u Дополнение Белгородский государственный аграрный университет им. В.Я. Горина
245 Заглавие __
a Заглавие Технология ремонта машин
b Продолж. заглавия Учебное пособие
c Ответственность Белгородский государственный аграрный университет им. В.Я. Горина
250 Сведения об издании __
g доп.
a Основные сведения об издании 2
260 Выходные данные __
a Место издания Москва
b Издательство ООО "Научно-издательский центр ИНФРА-М"
c Дата издания 2023
300 Физическое описание __
a Объем 246 с.
440 Серия __
a Серия Высшее образование: Бакалавриат
520 Аннотация __
a Аннотация В учебном пособии рассмотрены технологические процессы ремонтамашин содержатся элементы проектирования технологических процессов восстановления деталей и сборочных единиц описаны способы восстановления основных дефектов деталей машин. Соответствует требованиям федеральных государственных образовательных стандартов высшего образования последнего поколения. Предназначено для обучающихся по направлению подготовки 35.03.06 «Агроинженерия».
521 Примеч. о цел. назн. __
a Примеч. о целев. назн. ВО - Бакалавриат
650 Тематические рубрики __
a Основная рубрика Сельское хозяйство
x Основная подрубрика Техническое оснащение сельского хозяйства
655 Указ. предметных рубрик (устаревшее) __
a Жанр/ форма (устаревшее) Учебное пособие
700 Другие авторы __
a Другие авторы Сахнов А.В.
q Полное имя Сахнов Андрей Васильевич
u Дополнение Белгородский государственный аграрный университет им. В.Я. Горина
856 Электронный адрес документа 4_
a Имя сервера/домена znanium.com
m Помощь ebs_support@infra-m.ru
n Местонахождение сервера НИЦ ИНФРА-М
u URL https://znanium.com/catalog/document?id=437400
856 Электронный адрес документа 48
a Имя сервера/домена znanium.com
d Путь /cover/2125
f Электронное имя 2125016.jpg
q Тип электронного формата image/jpeg
u URL https://znanium.com/cover/2125/2125016.jpg
911 __
u 0030=https://znanium.com/catalog/document?id=437400